000
00302nam a2200133Ia 4500
008
190723s9999 xx 000 0 und d
020
_a
978-1-119-33500-9
100
_a
Scott Stratten
245
0
_a
Un Marketing
250
_a
2nd
260
_a
New Jersey
_b
Wiley
_c
2017
300
_a
290.:p
942
_c
BK
999
_c
1650
_d
1650